Hindī aura usakī upabhāshāoṃ kā svarūpa. (Record no. 74059)
[ view plain ]
| 000 -LEADER | |
|---|---|
| fixed length control field | 00622cam a22002291 4500 |
| 001 - CONTROL NUMBER | |
| control field | sa 67003776 |
| 003 - CONTROL NUMBER IDENTIFIER | |
| control field | DLC |
| 005 - DATE AND TIME OF LATEST TRANSACTION | |
| control field | 20260227112341.0 |
| 008 - FIXED-LENGTH DATA ELEMENTS--GENERAL INFORMATION | |
| fixed length control field | 890710s1966 ii ab b 000 0 hino |
| 010 ## - LIBRARY OF CONGRESS CONTROL NUMBER | |
| LC control number | sa 67003776 |
| 035 ## - SYSTEM CONTROL NUMBER | |
| System control number | (OCoLC)19989060 |
| 040 ## - CATALOGING SOURCE | |
| Original cataloging agency | DLC |
| Transcribing agency | WaU |
| Modifying agency | DLC |
| 042 ## - AUTHENTICATION CODE | |
| Authentication code | premarc |
| 050 00 - LIBRARY OF CONGRESS CALL NUMBER | |
| Classification number | PK1939 |
| Item number | .S85 |
| 100 0# - MAIN ENTRY--PERSONAL NAME | |
| Personal name | Ambāprasāda Sumana, |
| Dates associated with a name | 1916-1997. |
| 245 10 - TITLE STATEMENT | |
| Title | Hindī aura usakī upabhāshāoṃ kā svarūpa. |
| 260 ## - PUBLICATION, DISTRIBUTION, ETC. | |
| Date of publication, distribution, etc. | [1966] |
| 300 ## - PHYSICAL DESCRIPTION | |
| Extent | 12, 340 p. |
| Other physical details | illus., fold. map. |
| Dimensions | 23 cm. |
| 500 ## - GENERAL NOTE | |
| General note | In Hindi. |
| 504 ## - BIBLIOGRAPHY, ETC. NOTE | |
| Bibliography, etc. note | Bibliographical notes. |
| 650 #0 - SUBJECT ADDED ENTRY--TOPICAL TERM | |
| Topical term or geographic name entry element | Hindi language |
| General subdivision | Dialects. |
No items available.